What Animals are these Spongebob Characters? #5 - Statistics

General Stats
  • This quiz has been taken 48 times
  • The average score is 6 of 12
Answer Stats
Picture Answer % Correct
Clam
100%
Parrot
98%
Worm
75%
Narwhal
63%
Stingray
63%
Sea Turtle
45%
Krill
33%
Barreleye
23%
Vampire Squid
20%
Saltwater Crocodile
18%
Sawfish
15%
Comb Jelly
13%
No matching quizzes found
Score Distribution
Percent of People with Each Score
Percentile by Number Answered
Your Score History
You have not taken this quiz